| 000 | 01677cad a22002055a 4500 | ||
|---|---|---|---|
| 001 | L145512 | ||
| 008 | 081017s2008 xxko f 000 0 eng d | ||
| 035 | _a(Sirsi) u145512 | ||
| 041 | 0 | _aeng | |
| 050 | 0 | 4 | _a690.241 $2 18 |
| 110 | 2 |
_aEnglish Heritage _92714 |
|
| 245 | 0 | 0 |
_aConstructive conservation in practice _h[electronic resource] |
| 260 |
_aSwindon _bEnglish Heritage _c2008 |
||
| 520 | _aPresents twenty projects of conservation of built historic places. These case studies were selected as good examples of constructive conservation. Gives an overview of the work done to save these historic places (some were formerly at risk) and their current or future use. They are: Lake Shore development in Bristol; Princesshay in Exeter; West Front Bury, St Edmunds Abbey in Suffolk; Park Hill in Sheffield; Molineux Hotel in Wolverhampton; the Midland Hotel in Morecambe; Royal Clarence Yard in Gosport; Snape Malting in Aldeburgh; Cooper's Studios in Newcastle upon Tyne; Roundhouse in Derby; the Royal Shakespeare Theatre in Stratford-upon-Avon; the Gorton Monastery in Manchester; Blencowe Hall in Penrith; Crystal Palace in London; Graylingwell Hospital in Chichester, Clore Learning Centre in Hampton Court in London; Regent Palace Hotel in London; Bayshill House in Cheltenham; The Bluecoat in Liverpool, and King's Cross Central in London. | ||
| 590 | _aKA | ||
| 651 | 4 |
_aUnited Kingdom _y |
|
| 690 | _aBUILT ENVIRONMENT-BUILDING MAINTENANCE AND REFURBISHMENT-BUILDING CONSERVATION | ||
| 856 | 4 | 0 |
_uhttps://www.english-heritage.org.uk/publications/constructive-conservation-in-practice/ _zView the item free of charge at www.english-heritage.org.uk... |
| 942 | _n0 | ||
| 999 |
_c108814 _d108814 |
||